South African languages ​​on a map - Statistics

General Stats
  • This quiz has been taken 144 times
  • The average score is 8 of 10
Answers on the Map
Answers color-coded by a green-red scale on the quiz's map according to % correct below.
 
Answer Stats
Answer % Correct
Afrikaans
99%
Zulu
96%
Xhosa
94%
Northern Sotho
90%
Southern Sotho
90%
English
83%
Tswana
81%
Swazi
79%
Tsonga
54%
Venda
54%
No matching quizzes found
Score Distribution
Percent of People with Each Score
Percentile by Number Answered
Your Score History
You have not taken this quiz